「愛」を「あい」と読まない駅 - Statistics

General Stats
  • This quiz has been taken 29 times
  • The average score is 3 of 6
Answer Stats
会社 道県 駅名 読み % Correct
JR 宮城県 愛子 あやし
81%
私鉄 滋賀県 愛知川 えちがわ
70%
私鉄 千葉県 愛宕 あたご
52%
JR 宮城県 愛宕 あたご
52%
JR 北海道 愛し野 いとしの
30%
私鉄 宮城県 愛宕橋 あたごばし
19%
No matching quizzes found
Score Distribution
Percent of People with Each Score
Percentile by Number Answered
Your Score History
You have not taken this quiz